| 000 | 00519nam a22001577a 4500 | ||
|---|---|---|---|
| 003 | OSt | ||
| 005 | 20120302150221.0 | ||
| 008 | 090622t xxu||||| |||| 00| 0 eng d | ||
| 040 |
_a५४५४ _cमराठी |
||
| 100 |
_aहर्षे, द. स. _96618 |
||
| 245 | _aसावरकर दर्शन | ||
| 250 | _a२ री | ||
| 260 |
_aकर्हाड _bहिन्दू राष्ट्र जागृती _c१९९० |
||
| 300 | _b१४८; ३६ पाने | ||
| 942 |
_2ddc _cBOOK |
||
| 999 |
_c491629 _d491626 |
||